Ide doba zmrzlinová
Investície spoločnosti Unilever do nového marketingového konceptu, ktorý má posilniť jeho pozíciu lídra na trhu. Nové logo, zriaďovanie zmrzlinových barov, zmrzlinová dodávka. Boj o trhy. Stratégia spoločnosti Unilever.
Uložené v:
| Hlavný autor: | |
|---|---|
| Médium: | Kapitola |
| Jazyk: | Slovak |
| Predmet: | |
| Tagy: |
Žiadne tagy, Buďte prvý, kto otaguje tento záznam!
|
MARC
| LEADER | 00000naa a2200000 4500 | ||
|---|---|---|---|
| 001 | r048628 | ||
| 005 | 20230929113704.6 | ||
| 041 | 0 | |a slo | |
| 044 | |a SK | ||
| 245 | 1 | 0 | |a Ide doba zmrzlinová |c Ivana Šimlovičová |
| 520 | |a Investície spoločnosti Unilever do nového marketingového konceptu, ktorý má posilniť jeho pozíciu lídra na trhu. Nové logo, zriaďovanie zmrzlinových barov, zmrzlinová dodávka. Boj o trhy. Stratégia spoločnosti Unilever. | ||
| 610 | 2 | 0 | |a stratégia marketingová |
| 610 | 2 | 0 | |a trhy |
| 610 | 2 | 0 | |a trh odbytový |
| 610 | 2 | 0 | |a potraviny mrazené |
| 100 | 1 | |a Šimlovičová, Ivana | |